<?xml version="1.0" encoding="UTF-8"?><?xml-stylesheet type="text/xsl" href="static/style.xsl"?><OAI-PMH xmlns="http://www.openarchives.org/OAI/2.0/" xmlns:xsi="http://www.w3.org/2001/XMLSchema-instance" xsi:schemaLocation="http://www.openarchives.org/OAI/2.0/ http://www.openarchives.org/OAI/2.0/OAI-PMH.xsd"><responseDate>2026-04-18T00:36:21Z</responseDate><request verb="GetRecord" identifier="oai:riubu.ubu.es:10259/6145" metadataPrefix="marc">https://riubu.ubu.es/oai/request</request><GetRecord><record><header><identifier>oai:riubu.ubu.es:10259/6145</identifier><datestamp>2021-11-15T13:48:18Z</datestamp><setSpec>com_10259.4_103</setSpec><setSpec>com_10259.4_1</setSpec><setSpec>com_10259_2604</setSpec><setSpec>col_10259_6064</setSpec></header><metadata><record xmlns="http://www.loc.gov/MARC21/slim" xmlns:doc="http://www.lyncode.com/xoai" xmlns:xsi="http://www.w3.org/2001/XMLSchema-instance" xmlns:dcterms="http://purl.org/dc/terms/" xsi:schemaLocation="http://www.loc.gov/MARC21/slim http://www.loc.gov/standards/marcxml/schema/MARC21slim.xsd">
<leader>00925njm 22002777a 4500</leader>
<datafield tag="042" ind1=" " ind2=" ">
<subfield code="a">dc</subfield>
</datafield>
<datafield tag="720" ind1=" " ind2=" ">
<subfield code="a">Ruiz Vélez, Ignacio</subfield>
<subfield code="e">author</subfield>
</datafield>
<datafield tag="260" ind1=" " ind2=" ">
<subfield code="c">2015</subfield>
</datafield>
<datafield tag="520" ind1=" " ind2=" ">
<subfield code="a">Una aproximación a la realidad social de la necrópolis&#xd;
de túmulos de La Polera (Ubierna, Burgos) a través del ritual, ajuar,&#xd;
ofrendas, género y jerarquía social.</subfield>
</datafield>
<datafield tag="520" ind1=" " ind2=" ">
<subfield code="a">An approach of the social reality of the tumulus necropolis of La Polera (Ubierna, Burgos) through funerary rituals, grave&#xd;
goods, gender and social hierarchy.</subfield>
</datafield>
<datafield tag="024" ind2=" " ind1="8">
<subfield code="a">0211-8998</subfield>
</datafield>
<datafield tag="024" ind2=" " ind1="8">
<subfield code="a">http://hdl.handle.net/10259/6145</subfield>
</datafield>
<datafield ind1=" " ind2=" " tag="653">
<subfield code="a">Ritual</subfield>
</datafield>
<datafield ind1=" " ind2=" " tag="653">
<subfield code="a">Ajuar</subfield>
</datafield>
<datafield ind1=" " ind2=" " tag="653">
<subfield code="a">Ofrendas</subfield>
</datafield>
<datafield ind1=" " ind2=" " tag="653">
<subfield code="a">Género</subfield>
</datafield>
<datafield ind1=" " ind2=" " tag="653">
<subfield code="a">Jerarquía social</subfield>
</datafield>
<datafield ind1=" " ind2=" " tag="653">
<subfield code="a">Funerary ritual</subfield>
</datafield>
<datafield ind1=" " ind2=" " tag="653">
<subfield code="a">Grave goods</subfield>
</datafield>
<datafield ind1=" " ind2=" " tag="653">
<subfield code="a">Gender</subfield>
</datafield>
<datafield ind1=" " ind2=" " tag="653">
<subfield code="a">Social hierarchy</subfield>
</datafield>
<datafield tag="245" ind1="0" ind2="0">
<subfield code="a">Necrópolis tumular de La Polera (Ubierna, Burgos): género y jerarquía social</subfield>
</datafield>
</record></metadata></record></GetRecord></OAI-PMH>